|
|
|
|
| LEADER |
00962nam a2200265 a 4500 |
| 001 |
6446 |
| 003 |
BD-DhAAL |
| 005 |
20151109114106.0 |
| 008 |
151109s1997 bg 000 0 beno |
| 010 |
|
|
|a 97901150
|
| 020 |
|
|
|a 9848088482
|
| 040 |
|
|
|a DLC
|c DLC
|d DLC
|d BD-DhAAL
|
| 050 |
0 |
0 |
|a PK1718.S324
|b S83 1997
|
| 082 |
|
|
|a 891/.44/0995492
|
| 100 |
1 |
|
|a শরীফ,আহমদ
|d 1921-1999.
|9 16034
|
| 245 |
1 |
0 |
|a স্বদেশ চিন্তা /
|c আহমদ শরীফ.
|
| 260 |
|
|
|a ঢাকা :
|b সন্দেশ প্রকাশনী :
|c ১৯৯৭.
|
| 300 |
|
|
|a ৯৫ পৃ. ;
|c ২২ সে.মি.
|
| 500 |
|
|
|a Essays.
|
| 541 |
|
|
|e 6446
|
| 546 |
|
|
|a In Bengali.
|
| 650 |
|
|
|a Bengali essays.
|9 16035
|
| 942 |
|
|
|2 ddc
|c BK
|
| 999 |
|
|
|c 36075
|d 36075
|
| 952 |
|
|
|0 0
|1 0
|2 ddc
|4 0
|6 891_000000000000000__44_0995492_SHA
|7 0
|9 56689
|a SCL
|b SCL
|c GEN
|d 2015-11-09
|g 65.00
|l 2
|m 2
|o 891.440995492 SHA
|p 3020006446
|r 2024-09-23
|s 2024-09-01
|t 1
|w 2015-11-09
|y BK
|